000 00481nam a2200181Ia 4500
005 20250326123529.0
008 250326s9999 xx 000 0 und d
037 _aTextbook
040 _aFMSL
_beng
_cFMSL
041 _aeng
_2eng
084 _a2(M1) K7
_qFMSL
100 _aAstbury R
_9735398
245 0 _aBibliography and book production
_cAstbury R
260 _aNY
_bNY, Pergamon
_c1967
300 _a260p
942 _cTB
_h2(M1) K7
999 _c1269781
_d1269781